000 00819naa a2200229 i 4500
001 14443
003 ES-MaBCM
005 20241016091845.0
008 910603s1991 fra 000 0 fre d
021 _axx
035 _a(OCoLC)1365176195
040 _cES-MaBCM
041 0 _afre
043 _afra
100 1 _aSouchon-Zahn, Marie Françoise
_944800
245 1 4 _aLes nouveaux maires de petites communes
_b: quelques éléments d'évolution (1971-1989)
_cMarie Françoise Souchon-Zahn
520 _aResultado de una encuesta sobre alcaldes que acceden por primera vez al cargo, según los escrutinios municipales de 20 años
650 2 7 _aAlcalde
_957501
651 4 _aFrancia
_9115364
773 0 _aEn:
_tRevue française de science politique
_dParis : 1991
_w104469
_gnº 2, abril ; p. 196-234
942 _cAREV
999 _c14443
_d14443